Groundwork of educational psychology (Record no. 1381085)

MARC details
000 -LEADER
fixed length control field 00548nam a2200205Ia 4500
005 - DATE AND TIME OF LATEST TRANSACTION
control field 20250508163134.0
008 - FIXED-LENGTH DATA ELEMENTS--GENERAL INFORMATION
fixed length control field 008 250505s9999 xx 000 0 eng d
037 ## - SOURCE OF ACQUISITION
Stock number Textual
040 ## - CATALOGING SOURCE
Original cataloging agency FEDL
Language of cataloging eng
Transcribing agency FEDL
041 ## - LANGUAGE CODE
Language code of text/sound track or separate title eng
Source of code eng
084 ## - COLON CLASSIFICATION NUMBER
Classification number 370.15, ROS
Assigning agency FEDL
100 ## - MAIN ENTRY--PERSONAL NAME
Personal name Ross James S
245 #0 - TITLE STATEMENT
Title Groundwork of educational psychology
250 ## - EDITION STATEMENT
Edition statement 2
260 ## - PUBLICATION, DISTRIBUTION, ETC.
Place of publication, distribution, etc. Calcutta, India
Name of publisher, distributor, etc. Oxford University Press
Date of publication, distribution, etc. 1972
300 ## - PHYSICAL DESCRIPTION
Extent 276p
365 ## - TRADE PRICE
Price type code INR
Price amount 10
942 ## - ADDED ENTRY ELEMENTS (KOHA)
Koha item type Textual
Classification part 370.15, ROS
Holdings
Withdrawn status Lost status Damaged status Not for loan Home library Current library Date acquired Cost, normal purchase price Total Checkouts Full call number Barcode Date last seen Price effective from Koha item type
        Department of Education Library Department of Education Library 2025-05-08 10.00   370.15, ROS EL0074218 2025-05-08 2025-05-08 Textual
Copyright @ Delhi University Library System